000 00799nam a2200253Ia 4500
003 OSt
005 20220923213837.0
006 a|||||r|||| 00| 0
007 ta
008 220922b |||||||| |||| 00| 0 hin d
024 _a165,087
037 _cTextual
040 _aARTS
_cARTS
_bhin
041 _2hin
_ahin
082 _aO152,1:gN5, L0
100 _aराय, राम वचन
245 0 _aनई कविता का भाव बोध
246 _aNaī kavitā kā bhāv bodha
260 _aपटना
_b बिहार ग्रंथ कुटीर
_c1970
300 _a137पृ.
_ccm.
650 _aहिन्दी साहित्य
_9156264
942 _hO152,1:gN5, L0
_cTEXL
_2CC
999 _c319566
_d319566